| 000 | 005060000a22001570004500 | ||
|---|---|---|---|
| 003 | MACL | ||
| 005 | 20170929130115.0 | ||
| 008 | 170929b xxu||||| |||| 00| 0 eng d | ||
| 040 | _cmacl | ||
| 100 |
_aबीकानेरी ,अल्हड. _968615 |
||
| 245 | _aबेस्ट ऑफ अल्हड. बीकानेरी | ||
| 260 |
_bप्रभात प्रकाशन _c2011 |
||
| 350 | _a200 | ||
| 650 |
_aव्यंग्य _969280 |
||
| 942 |
_cHIN _k891.437/PAT _2ddc |
||
| 999 |
_c45041 _d45041 |
||